000 00768nam a2200217 i 4500
001 57700
003 ES-MaACL
007 t|
008 031017s1961 mx ||||1| spa d
100 1 _aDragon, Antoine.
_945572
245 1 0 _aVida íntima del Padre Pro /
_cAntonio Dragon ; traducida del francés por Rafael Martínez del Campo ; prólogo de Luis María Martínez.
250 _a3ª ed. corr.
260 _aMéxico :
_bJus,
_c1961.
300 _a307 p. :
_bil. ;
_c24 cm.
490 1 _aFiguras y episodios de la historia de México
700 1 _aMartínez del Campo, Rafael.
_978042
700 1 _aMartínez, Luis.
_977782
830 0 _aFiguras y episodios de la historia de México
_9181876
852 _aES-MaACL
_jE-9437
_bR.94184
999 _c57700
_d57700